[Event "Lucky op 2nd"]
[Site "Hamburg"]
[Date "1999.10.21"]
[Round "8"]
[White "Mutzl, Klaus"]
[Black "Springer, Sebastian"]
[Result "1/2-1/2"]
[WhiteElo "809"]
[BlackElo "800"]
[PlyCount "34"]
[EventDate "1999.10.??"]
[EventType "swiss"]
[EventRounds "9"]
[EventCountry "GER"]
[SourceTitle "EXT 2001"]
[Source "ChessBase"]
[SourceDate "2000.11.22"]
[SourceVersion "1"]
[SourceVersionDate "2000.11.22"]
[SourceQuality "1"]

1. e4 e5 2. Bc4 Nc6 3. Nf3 Nf6 4. d3 Bc5 5. h3 d6 6. Ng5 0-0 7. 0-0 d5 8. Bb3 h6 9. Nf3 Qd6 10. exd5 Nxd5 11. c4 Nf4 12. Bxf4 exf4 13. Re1 Qf6 14. Nc3 Be6 15. Rb1 Rad8 16. Ne4 Qe7 17. Nxc5 Qxc5 1/2-1/2